Liv Morgan's WrestleMania Opponents - Statistics

General Stats
  • This quiz has been taken 30 times
  • The average score is 12 of 21
Answer Stats
WrestleMania Opponent % Correct
WrestleMania 41 Becky Lynch
90%
WrestleMania 41 Lyra Valkyria
67%
WrestleMania 38 Sasha Banks
62%
WrestleMania 38 Shayna Baszler
62%
WrestleMania 39 Shayna Baszler
62%
WrestleMania 38 Naomi
57%
WrestleMania 36 Natalya
57%
WrestleMania 37 Natalya
57%
WrestleMania 38 Natalya
57%
WrestleMania 39 Natalya
57%
WrestleMania 39 Ronda Rousey
57%
WrestleMania 37 Tamina
57%
WrestleMania 37 Carmella
52%
WrestleMania 38 Carmella
52%
WrestleMania 39 Chelsea Green
52%
WrestleMania 38 Queen Zelina
52%
WrestleMania 37 Billie Kay
48%
WrestleMania 37 Mandy Rose
48%
WrestleMania 39 Sonya Deville
48%
WrestleMania 37 Dana Brooke
38%
WrestleMania 39 Shotzi
33%
No matching quizzes found
Score Distribution
Percent of People with Each Score
Percentile by Number Answered
Your Score History
You have not taken this quiz